Modified double-dual-boost high-conversion-ration DC-DC converter common ground and low-side gate driving / (Record no. 19145)
[ view plain ]
| 000 -LEADER | |
|---|---|
| fixed length control field | 01065nam a22002537a 4500 |
| 003 - CONTROL NUMBER IDENTIFIER | |
| control field | OSt |
| 005 - DATE AND TIME OF LATEST TRANSACTION | |
| control field | 20250911153559.0 |
| 008 - FIXED-LENGTH DATA ELEMENTS--GENERAL INFORMATION | |
| fixed length control field | 240214b ||||| |||| 00| 0 eng d |
| 040 ## - CATALOGING SOURCE | |
| Transcribing agency | 0 |
| 082 ## - DEWEY DECIMAL CLASSIFICATION NUMBER | |
| Classification number | DPer 621.317 Ie21 May 2022 v. 37 n. 5 |
| 100 ## - MAIN ENTRY--PERSONAL NAME | |
| Personal name | Nguyen, Viet-Chan. |
| Relator term | author. |
| 9 (RLIN) | 52367 |
| 245 ## - TITLE STATEMENT | |
| Title | Modified double-dual-boost high-conversion-ration DC-DC converter common ground and low-side gate driving / |
| Statement of responsibility, etc. | Viet-Chan Nguyen, Honnyong Cha, Dai-Van Bui, and Byungho Choi. |
| 260 ## - PUBLICATION, DISTRIBUTION, ETC. (IMPRINT) | |
| Place of publication, distribution, etc. | New York ; |
| Name of publisher, distributor, etc. | The Institute of Electrical and Electronics Engineers, Inc. , |
| Date of publication, distribution, etc. | May 2022. |
| 300 ## - PHYSICAL DESCRIPTION | |
| Extent | Volume 37, pages 4952-4956 : |
| Other physical details | illustration ; |
| Dimensions | 28 cm. |
| 500 ## - GENERAL NOTE | |
| General note | IEEE Transactions on Power Electronics, v. 37 n. 5, pages 4952-4956, May 2022. |
| 650 #0 - SUBJECT ADDED ENTRY--TOPICAL TERM | |
| Topical term or geographic name as entry element | Batteries. |
| 9 (RLIN) | 65875 |
| 650 #0 - SUBJECT ADDED ENTRY--TOPICAL TERM | |
| Topical term or geographic name as entry element | Charging stations. |
| 9 (RLIN) | 65926 |
| 650 #0 - SUBJECT ADDED ENTRY--TOPICAL TERM | |
| Topical term or geographic name as entry element | Voltage control. |
| 9 (RLIN) | 65727 |
| 700 ## - ADDED ENTRY--PERSONAL NAME | |
| Personal name | Nguyen, Viet-Chan. |
| Relator term | author. |
| 9 (RLIN) | 52367 |
| 700 ## - ADDED ENTRY--PERSONAL NAME | |
| Personal name | Cha, Honnyong. |
| Relator term | author. |
| 9 (RLIN) | 52368 |
| 700 ## - ADDED ENTRY--PERSONAL NAME | |
| Personal name | Bui, Dai-Van. |
| Relator term | author. |
| 9 (RLIN) | 52369 |
| 700 ## - ADDED ENTRY--PERSONAL NAME | |
| Personal name | Choi, Byungho. |
| Relator term | author. |
| 9 (RLIN) | 52370 |
| 942 ## - ADDED ENTRY ELEMENTS (KOHA) | |
| Source of classification or shelving scheme | Dewey Decimal Classification |
| Koha item type | Periodicals |
| Withdrawn status | Lost status | Source of classification or shelving scheme | Damaged status | Not for loan | Collection code | Home library | Current library | Date acquired | Total Checkouts | Full call number | Date last seen | Price effective from | Koha item type | Public note |
|---|---|---|---|---|---|---|---|---|---|---|---|---|---|---|
| Dewey Decimal Classification | Periodicals | UM Digos College - LIC | UM Digos College - LIC | 02/14/2024 | DPer 621.317 Ie21 May 2022 v. 37 n. 5 | 02/14/2024 | 02/14/2024 | Periodicals | Periodical Article |
